1806 1730 1022 1776 1022 1230 1424 1397 1484 1564 1346 1147 1790 1323 1221 1529 1071 1906 1904 1293 1751 1110 1905 1316 1976 1356 1199 1469 1656 1627 1089 1903 1416 1255 1490 1246 1071 1416 1864 1365 1614 1162 1223 1803 1423 1756 1587 1674 1467 1322 1477 1198 1925 1525 1347 1629 1610 1775 1421 1713 1007 1357 1127 1597 1960 1552 1488 1987 1364 1202 1401 1673 1621 1845 1024 1886 1027 1627 1274 1749 1144 1671 1050 1045 1168 1125 1077 1580 1245 1741 1984 1303 1870 1164 1155 1377 1213 1932 1705 BCNSPRNW ULIB Ver.6.0+V

เปลี่ยนเป็นภาษาไทย

Change to English
 แสดงรายละเอียดบรรณานุกรม
  กลับหน้าหลัก

Brief Record : Get Marc (ISO 2709) : E-mail record : QR code < ปิดหน้าต่าง
LEADER : 00000nam 2200000uu 4500
001    13399111207
003     ULIB
008    110620s2000||||th 000 0 eng d
020    044305942x
060 04 WY108^bL748n 2000
100 1  Lindsay, Grace M.
245 10 Nursing for public health :^bpopulation based care /^cGrace M. Lindsay, Pauline M. Craig
260    Edinburgh :^bChurchill Livingstone,^c2000
300    308 p. :^bill. ;^c24 cm.
650  0 Medical policy
650  2 Public Health Nursing
650  2 Public Health
700 1  Craig, Pauline M.
945    ^p1725^l0^i013953
995    Kesorn
999 ^a ใช้งานได้ทุกระบบ
รายการนี้ยังไม่มีแท็ก
คุณยังไม่ได้ล็อกอิน คุณสามารถมีกิจกรรมร่วมกับเว็บไซต์ได้ แต่ต้องล็อกอินก่อน ::
  ล็อกอิน

รายการสื่อสารสนเทศ

ลำดับที่ ประเภท เลขเรียก/บาร์โค้ด สถานที่ สถานะ
- ไม่พบข้อมูล -

รายการใกล้เคียง
    หัวเรื่อง [Medical policy]
    หัวเรื่อง [Public Health Nursing]
    หัวเรื่อง [Public Health]

BibComment


ยังไม่เคยถูกคอมเมนท์

คอมเมนท์ทรัพยากรรายการนี้
  คอมเมนท์: Nursing for publi..


 Copyright 2026. Bcnsprnw @Library